[Event "Challenge"]
[Site "http://www.queenalice.com/game.php?id=113819"]
[Date "2006.10.6"]
[Round "-"]
[White "lay_rj"]
[Black "leoperrone"]
[Result "1-0"]
[WhiteElo "1151"]
[BlackElo "1208"]

1. d4 e5 2. dxe5 d5 3. Nc3 a5 4. e4 dxe4 5. Nd5 Nc6 6. b3 g5 7. Nh3 Nxe5 8. Qd4
Nc6 9. Qxh8 Nh6 10. Ba3 g4 11. Qxf8+ Kd7 12. Qxh6 Nd4 13. c3 Nc2+ 14. Kd1 Nxa3
15. Ng5 c6 16. Nxf7 Qe8 17. Nf6+ Kc7 18. Nxe8+ Kb8 19. g3 e3 20. fxe3 a4 21.
Qf4+ Ka7 22. Qxa4+ Kb6 23. Qd4+ c5 24. Qd6+ Ka5 25. b4+ Ka4 26. Qxc5 Be6 27. Ng5
Rxe8 28. Nxe6 Nc2 29. Kxc2 Ra8 30. h3 gxh3 31. Rxh3 Ka3 32. Rh5 Re8 33. Qa5# 1-0

[Event "Challenge"]
[Site "http://www.queenalice.com/game.php?id=113958"]
[Date "2006.10.6"]
[Round "-"]
[White "leoperrone"]
[Black "hugo10"]
[Result "0-1"]
[WhiteElo "1157"]
[BlackElo "1339"]

1. d4 e6 2. c4 c5 3. Nc3 cxd4 4. Ne4 f5 5. Ng3 f4 6. Bxf4 Qf6 7. Bd2 Bc5 8. h4
d3 9. Ne4 Qxb2 10. Nxc5 dxe2 11. Bxe2 b6 12. Na4 Nh6 13. Nxb2 Bb7 14. Rh3 Ng4
15. Bxg4 O-O 16. Qe2 Nc6 17. Rf3 Rfc8 18. Qe4 a6 19. Na4 Rf8 20. Nxb6 Rad8 21.
a3 d5 22. cxd5 Na5 23. Bxa5 exd5 24. Qe7 g6 25. Be6+ Rf7 26. Qxf7+ Kh8 0-1

[Event "=)"]
[Site "http://www.queenalice.com/game.php?id=114122"]
[Date "2006.10.6"]
[Round "-"]
[White "leoperrone"]
[Black "juleba"]
[Result "0-1"]
[WhiteElo "1185"]
[BlackElo "1435"]

1. d4 Nf6 2. c4 d5 3. Na3 Be6 4. c5 b6 5. Nf3 bxc5 6. e3 c4 7. b4 Qd6 8. Qa4+ c6
9. Qa5 g6 10. g3 Bg7 11. Qc5 O-O 12. h4 Na6 13. Qa5 Bc8 14. Rg1 Bg4 15. Be2
Qxb4+ 16. Qxb4 Nxb4 17. Bd2 Nd3+ 18. Bxd3 cxd3 19. Ne5 Ne4 20. Bb4 c5 21. dxc5
Nxc5 22. Bxc5 Be2 23. Nac4 dxc4 24. f4 Rfd8 25. Bxe7 Rd7 26. Bc5 Bxe5 27. fxe5
Re8 28. Rc1 Rxe5 29. Rxc4 Rxe3 30. Rb4 d2+ 31. Kf2 Re5 32. Rb8+ Kg7 33. Rc8 Ba6
34. Bf8+ Kg8 35. Bh6+ Bxc8 36. Bf4 Rf5 37. Kg2 Bb7+ 38. Kh3 d1=Q 39. Rxd1 Rxd1
40. Be3 Rh1+ 41. Kg4 Bf3# 0-1

[Event "Segunda Revanche!!!"]
[Site "http://www.queenalice.com/game.php?id=115561"]
[Date "2006.10.11"]
[Round "-"]
[White "lay_rj"]
[Black "leoperrone"]
[Result "1-0"]
[WhiteElo "1338"]
[BlackElo "1155"]

1. d4 f5 2. g3 b5 3. Bg2 c6 4. Nf3 Qa5+ 5. c3 g5 6. O-O g4 7. Ng5 h6 8. Nf7 Kxf7
9. Qd3 Nf6 10. Bd2 d5 11. c4 Rg8 12. Bxa5 Nbd7 13. cxb5 Rb8 14. Nc3 Rg5 15. bxc6
Ne5 16. Qe3 e6 17. Qxe5 Rxb2 18. Bd8 Rg6 19. Rfb1 Rc2 20. Rc1 Rxc3 21. Rxc3 Bb4
22. Qc7+ Ke8 23. Qxc8 Bxc3 24. Qxe6+ Kf8 25. Rd1 f4 26. f3 gxf3 27. exf3 fxg3
28. Bxf6 gxh2+ 29. Kxh2 Ba5 30. Qxd5 Bc7+ 31. Be5 Rg5 32. f4 Rh5+ 33. Bh3 1-0

[Event "Challenge"]
[Site "http://www.queenalice.com/game.php?id=122436"]
[Date "2006.10.27"]
[Round "-"]
[White "leoperrone"]
[Black "Kentonio"]
[Result "0-1"]
[WhiteElo "1156"]
[BlackElo "1328"]

1. g4 h5 2. h3 hxg4 3. Bg2 gxh3 4. Bd5 d6 5. a4 g5 6. Nf3 g4 7. Ng5 Nh6 8. d4 e6
9. Bxe6 Bxe6 10. O-O Be7 11. d5 Bxd5 12. Qxd5 c6 13. Qd4 Bf6 14. Qe4+ Qe7 15.
Qxe7+ Bxe7 16. Ra3 Nf5 17. Nc3 d5 18. e4 Bxa3 19. bxa3 dxe4 20. Ncxe4 Nd7 21.
Bf4 f6 22. Ne6 Kf7 23. Nc7 Rag8 24. Rd1 Ne5 25. Bxe5 fxe5 26. Rd7+ Kg6 27. Ne6
g3 28. fxg3 h2+ 29. Kh1 Nxg3+ 30. Nxg3 Kf6 31. Nc7 Rxg3 0-1

[Event "Challenge"]
[Site "http://www.queenalice.com/game.php?id=131822"]
[Date "2006.11.21"]
[Round "-"]
[White "leoperrone"]
[Black "chaian"]
[Result "0-1"]
[WhiteElo "1157"]
[BlackElo "1323"]

1. e4 e5 2. Nf3 Nc6 3. Bb5 a6 4. Bxc6 dxc6 5. Nxe5 Qd4 6. O-O Qxe5 7. d3 Bd6 8.
g3 Nf6 9. Nc3 Ng4 10. b3 Qh5 11. Qf3 Qxh2# 0-1

[Event "AUTO-BEG-42"]
[Site "http://www.queenalice.com/game.php?id=132510"]
[Date "2006.11.22"]
[Round "1"]
[White "ThetrueElrohir"]
[Black "leoperrone"]
[Result "0-1"]
[WhiteElo "1201"]
[BlackElo "1154"]

1. e4 e5 2. g3 Nf6 3. f4 Nxe4 4. d3 Nc5 5. fxe5 d6 6. d4 Ne6 7. exd6 Bxd6 8. h4
Nc6 9. d5 Bxg3+ 10. Kd2 Qxd5+ 11. Ke2 Nf4+ 12. Bxf4 Bg4+ 13. Ke3 Qxd1 14. Nh3
Bxh3 15. Rxh3 Bxf4+ 16. Kxf4 Qxf1+ 17. Kg4 Ne5+ 18. Kg3 O-O-O 19. a4 Qf3+ 20.
Kh2 Ng4+ 21. Kg1 Qxh3 22. Ra3 Rd1# 0-1

[Event "AUTO-BEG-42"]
[Site "http://www.queenalice.com/game.php?id=132511"]
[Date "2006.11.22"]
[Round "1"]
[White "leoperrone"]
[Black "ThetrueElrohir"]
[Result "1-0"]
[WhiteElo "1173"]
[BlackElo "1183"]

1. e4 e6 2. d4 d5 3. exd5 exd5 4. Nf3 a5 5. Nc3 c5 6. Nb5 cxd4 7. Qxd4 Nc6 8.
Qe3+ Be7 9. Ng5 d4 10. Qf4 Bxg5 11. Qxg5 h6 12. Qxg7 Qf6 13. Nc7+ Ke7 14. Nd5+
Ke6 15. Nxf6 Nce7 16. Nxg8 Nxg8 17. Qxh8 Nf6 18. Qxh6 b5 19. Bg5 Kf5 20. Bxf6
Ra6 21. Bd3+ Kg4 22. h3# 1-0

[Event "AUTO-BEG-42"]
[Site "http://www.queenalice.com/game.php?id=132526"]
[Date "2006.11.22"]
[Round "1"]
[White "leoperrone"]
[Black "Fernando_Bilk_Marques"]
[Result "0-1"]
[WhiteElo "1213"]
[BlackElo "1425"]

1. e4 e5 2. Nf3 Nc6 3. d4 d6 4. d5 Nce7 5. Nc3 Bg4 6. Bg5 h6 7. Be3 Nf6 8. Bd3
c6 9. O-O cxd5 10. exd5 Nexd5 11. Bb5+ Ke7 12. Nxd5+ Nxd5 13. Qxd5 Qc7 14. Rfd1
Be6 0-1

[Event "AUTO-BEG-42"]
[Site "http://www.queenalice.com/game.php?id=132527"]
[Date "2006.11.22"]
[Round "1"]
[White "Fernando_Bilk_Marques"]
[Black "leoperrone"]
[Result "1-0"]
[WhiteElo "1423"]
[BlackElo "1199"]

1. e4 e5 2. Nf3 Nc6 3. d4 Nxd4 4. Nxd4 exd4 5. Qxd4 d6 6. Bc4 Qf6 7. Qd3 Be6 8.
Nc3 Nh6 9. Nb5 O-O-O 10. Nxa7+ Kb8 11. Be3 Qxb2 12. O-O Ng4 13. Bd4 Qb4 14. Bxe6
b6 15. Nc6+ 1-0

[Event "Challenge"]
[Site "http://www.queenalice.com/game.php?id=142332"]
[Date "2006.12.16"]
[Round "-"]
[White "marcosbratz"]
[Black "leoperrone"]
[Result "1-0"]
[WhiteElo "1486"]
[BlackElo "1189"]

1. e4 c5 2. Nf3 d5 3. e5 e6 4. d4 Na6 5. Bxa6 bxa6 6. c3 c4 7. O-O g6 8. b3 Bg7
9. Bg5 Qc7 10. Nbd2 cxb3 11. Qxb3 Nh6 12. Rab1 Bd7 13. Rb2 O-O 14. Rfb1 Bb5 15.
Qa3 a5 16. Rxb5 Ng4 17. Rb7 Qc6 18. Be7 Rfe8 19. Ng5 Rab8 20. Rxb8 1-0

[Event "Que bom q vc tá aqui, q tédio!"]
[Site "http://www.queenalice.com/game.php?id=142333"]
[Date "2006.12.16"]
[Round "-"]
[White "juleba"]
[Black "leoperrone"]
[Result "1-0"]
[WhiteElo "1619"]
[BlackElo "1201"]

1. d4 d5 2. c4 dxc4 3. e4 e5 4. Nf3 exd4 5. Qxd4 Bd6 6. Bxc4 Nh6 7. Bxh6 Nc6 8.
Qxg7 Rf8 9. e5 Nb4 10. O-O Be7 11. Re1 Nc2 12. Re4 Qd1+ 13. Bf1 Bf5 14. Re1 Nxe1
15. Ng5 O-O-O 16. Nxf7 Nc2 17. g4 Bxg4 18. Nxd8 Kxd8 19. Bg5 Re8 20. e6 Bxe6 21.
Bf4 Bc4 22. Qg2 Bd6 23. Bd2 Nxa1 24. b3 Bb5 25. Nc3 Qxd2 26. Nxb5 Re1 27. Qg8+
Kd7 28. Qxh7+ Kd8 29. Qg8+ Kd7 30. h4 Bf4 31. Kg2 Re6 32. Bc4 Re2 33. Bxe2 Qxe2
34. Qf7+ Kc6 35. Nxa7+ Kc5 36. Qxf4 Nc2 37. Qxc7+ Kd4 38. Qb6+ Ke4 39. Kg3 Qf3+
40. Kh2 Ne1 41. Qxb7+ Kf4 42. Qxf3+ Nxf3+ 43. Kg2 Nxh4+ 44. Kf1 Ke5 45. a4 Kd6
46. f4 Kc7 47. Kf2 Kb7 48. Nb5 Kb6 49. Nc3 Ka5 50. Kg3 1-0

[Event "AUTO-BEG-50"]
[Site "http://www.queenalice.com/game.php?id=142353"]
[Date "2006.12.16"]
[Round "1"]
[White "Herivelto"]
[Black "leoperrone"]
[Result "1-0"]
[WhiteElo "1642"]
[BlackElo "1205"]

1. Nf3 d5 2. c4 d4 3. g3 e6 4. b3 Nf6 5. Ne5 Qe7 6. Bb2 Ne4 7. Bxd4 Qf6 8. Nf3
Qf5 9. d3 Bb4+ 10. Nbd2 Nxd2 11. Nxd2 1-0

[Event "Revanche"]
[Site "http://www.queenalice.com/game.php?id=144839"]
[Date "2006.12.22"]
[Round "-"]
[White "leoperrone"]
[Black "marcosbratz"]
[Result "0-1"]
[WhiteElo "1185"]
[BlackElo "1499"]

1. e4 e5 2. Nf3 Nc6 3. Bb5 a6 4. Bxc6 dxc6 5. d4 Bg4 6. Nc3 Bb4 7. O-O exd4 8.
a3 Bxc3 9. bxc3 c5 10. Qd3 b5 11. c4 c6 12. e5 f6 13. Qg6+ hxg6 0-1

[Event "Challenge"]
[Site "http://www.queenalice.com/game.php?id=145328"]
[Date "2006.12.23"]
[Round "-"]
[White "leoperrone"]
[Black "shiguer"]
[Result "0-1"]
[WhiteElo "1215"]
[BlackElo "1704"]

1. e4 e6 2. d4 c6 3. e5 a5 4. Nf3 h5 5. Bg5 f6 6. exf6 gxf6 7. Bh4 a4 8. b3 axb3
9. cxb3 Qa5+ 10. Nfd2 e5 11. a3 exd4 12. Qe2+ Kf7 13. g3 b5 0-1